[Event "World Youth & Cadets Rapid Championships"]
[Site "Rhodes, Greece"]
[Date "2022.05.01"]
[Round "8.5"]
[White "Rakhmatullaev, Almas"]
[Black "Laux, Dominik"]
[Result "0-1"]
[TimeControl "10'/game & 5\"/move"]
[WhiteElo "2050"]
[BlackElo "2232"]

1. e4 {[%clk 00:10:09]} c6 {[%clk 00:10:08]} {[%emt 00:00:03]} 2. Nf3 {[%clk
00:10:01]} {[%emt 00:00:12]} d5 {[%clk 00:10:11]} {[%emt 00:00:02]} 3. Nc3
{[%clk 00:10:05]} {[%emt 00:00:02]} Bg4 {[%clk 00:10:11]} {[%emt 00:00:05]} 4.
h3 {[%clk 00:10:01]} {[%emt 00:00:08]} Bxf3 {[%clk 00:10:03]} {[%emt 00:00:13]}
5. Qxf3 {[%clk 00:10:04]} {[%emt 00:00:02]} e6 {[%clk 00:10:07]} {[%emt
00:00:02]} 6. a3 {[%clk 00:09:17]} {[%emt 00:00:52]} Nd7 {[%clk 00:09:36]}
{[%emt 00:00:36]} 7. d4 {[%clk 00:09:11]} {[%emt 00:00:10]} dxe4 {[%clk
00:09:15]} {[%emt 00:00:26]} 8. Nxe4 {[%clk 00:09:08]} {[%emt 00:00:08]} Ngf6
{[%clk 00:09:15]} {[%emt 00:00:06]} 9. Be3 {[%clk 00:08:10]} {[%emt 00:01:03]}
Be7 {[%clk 00:08:41]} {[%emt 00:00:39]} 10. c4 {[%clk 00:06:41]} {[%emt
00:01:33]} Nxe4 {[%clk 00:07:33]} {[%emt 00:01:14]} 11. Qxe4 {[%clk 00:06:43]}
{[%emt 00:00:02]} Nf6 {[%clk 00:07:35]} {[%emt 00:00:03]} 12. Qc2 {[%clk
00:06:39]} {[%emt 00:00:09]} O-O {[%clk 00:07:03]} {[%emt 00:00:37]} 13. Be2
{[%clk 00:06:05]} {[%emt 00:00:39]} Qa5+ {[%clk 00:06:27]} {[%emt 00:00:42]} 14.
Bd2 {[%clk 00:05:58]} {[%emt 00:00:11]} Qc7 {[%clk 00:06:26]} {[%emt 00:00:06]}
15. O-O {[%clk 00:05:42]} {[%emt 00:00:21]} Rad8 {[%clk 00:05:59]} {[%emt
00:00:33]} 16. Bc3 {[%clk 00:05:42]} {[%emt 00:00:04]} c5 {[%clk 00:04:58]}
{[%emt 00:01:07]} 17. dxc5 {[%clk 00:05:02]} {[%emt 00:00:45]} Bxc5 {[%clk
00:04:49]} {[%emt 00:00:12]} 18. Rad1 {[%clk 00:04:22]} {[%emt 00:00:46]} Qf4
{[%clk 00:04:33]} {[%emt 00:00:21]} 19. b4 {[%clk 00:03:53]} {[%emt 00:00:35]}
Rxd1 {[%clk 00:03:39]} {[%emt 00:00:58]} 20. Qxd1 {[%clk 00:02:39]} {[%emt
00:01:20]} Ne4 {[%clk 00:03:20]} {[%emt 00:00:24]} 21. Be1 {[%clk 00:02:38]}
{[%emt 00:00:05]} Bb6 {[%clk 00:02:56]} {[%emt 00:00:29]} 22. c5 {[%clk
00:02:21]} {[%emt 00:00:23]} Rd8 {[%clk 00:02:33]} {[%emt 00:00:27]} 23. Qc2
{[%clk 00:01:47]} {[%emt 00:00:39]} Bc7 {[%clk 00:02:35]} {[%emt 00:00:04]} 24.
g3 {[%clk 00:01:48]} {[%emt 00:00:03]} Qe5 {[%clk 00:02:06]} {[%emt 00:00:35]}
25. Bf3 {[%clk 00:01:42]} {[%emt 00:00:10]} f5 {[%clk 00:02:03]} {[%emt
00:00:09]} 26. Bg2 {[%clk 00:01:02]} {[%emt 00:00:45]} Qd4 {[%clk 00:01:30]}
{[%emt 00:00:37]} 27. Kh2 {[%clk 00:00:52]} {[%emt 00:00:15]} Qd3 {[%clk
00:01:01]} {[%emt 00:00:35]} 28. Qa2 {[%clk 00:00:37]} {[%emt 00:00:20]} Kf7
{[%clk 00:00:42]} {[%emt 00:00:24]} 29. f3 {[%clk 00:00:25]} {[%emt 00:00:16]}
Nf6 {[%clk 00:00:26]} {[%emt 00:00:22]} 30. Bf2 {[%clk 00:00:10]} {[%emt
00:00:20]} h5 {[%clk 00:00:19]} {[%emt 00:00:11]} 31. Re1 {[%clk 00:00:12]}
{[%emt 00:00:03]} Rd5 {[%clk 00:00:09]} {[%emt 00:00:16]} 32. f4 {[%emt
00:00:11]} h4 {[%clk 00:00:12]} 33. Bxd5 {[%clk 00:00:09]} {[%emt 00:00:04]}
exd5 {[%clk 00:00:08]} {[%emt 00:00:09]} 34. Qe2 {[%clk 00:00:08]} {[%emt
00:00:06]} Qxe2 {[%clk 00:00:07]} {[%emt 00:00:06]} 35. Rxe2 {[%clk 00:00:12]}
Ne4 {[%clk 00:00:11]} {[%emt 00:00:01]} 36. Kg2 {[%clk 00:00:09]} {[%emt
00:00:07]} hxg3 {[%clk 00:00:11]} {[%emt 00:00:06]} 37. Bxg3 {[%clk 00:00:12]}
{[%emt 00:00:02]} g5 {[%clk 00:00:14]} {[%emt 00:00:02]} 38. Rxe4 {[%clk
00:00:06]} {[%emt 00:00:11]} dxe4 {[%clk 00:00:16]} {[%emt 00:00:02]} 39. fxg5
{[%clk 00:00:10]} {[%emt 00:00:01]} f4 {[%clk 00:00:21]} 40. Bf2 {[%clk
00:00:09]} {[%emt 00:00:06]} f3+ {[%clk 00:00:19]} {[%emt 00:00:06]} 41. Kf1
{[%clk 00:00:13]} Bf4 {[%clk 00:00:23]} {[%emt 00:00:01]} 42. c6 {[%clk
00:00:15]} {[%emt 00:00:04]} bxc6 {[%clk 00:00:27]} {[%emt 00:00:01]} 43. Bxa7
{[%clk 00:00:19]} {[%emt 00:00:01]} e3 {[%clk 00:00:10]} {[%emt 00:00:22]} 44.
h4 {[%clk 00:00:16]} {[%emt 00:00:07]} Kg6 {[%clk 00:00:10]} {[%emt 00:00:05]}
45. a4 {[%clk 00:00:19]} {[%emt 00:00:02]} Kh5 {[%clk 00:00:09]} {[%emt
00:00:07]} 46. a5 {[%clk 00:00:17]} {[%emt 00:00:08]} Kg4 {[%clk 00:00:07]}
{[%emt 00:00:06]} 47. g6 {[%clk 00:00:21]} e2+ {[%clk 00:00:11]} {[%emt
00:00:01]} 48. Ke1 {[%clk 00:00:24]} {[%emt 00:00:02]} Be5 {[%clk 00:00:15]}
{[%emt 00:00:01]} 49. Be3 {[%clk 00:00:20]} {[%emt 00:00:09]} Kg3 {[%clk
00:00:16]} {[%emt 00:00:04]} 50. a6 {[%clk 00:00:11]} {[%emt 00:00:14]} Bc3+
{[%clk 00:00:17]} {[%emt 00:00:04]} 51. Bd2 {[%clk 00:00:15]} {[%emt 00:00:01]}
Bxd2+ {[%clk 00:00:21]} 52. Kxd2 {[%clk 00:00:20]} Kf2 {[%clk 00:00:25]} 0-1

[Event "World Youth & Cadets Rapid Championships"]
[Site "Rhodes, Greece"]
[Date "2022.05.01"]
[Round "8.6"]
[White "Andreev, Konstantin"]
[Black "Trushko, Andrii"]
[Result "0-1"]
[TimeControl "10'/game & 5\"/move"]
[WhiteElo "1928"]
[BlackElo "2065"]

1. e4 {[%clk 00:10:08]} {[%emt 00:00:01]} c6 {[%clk 00:10:10]} 2. d4 {[%clk
00:10:12]} {[%emt 00:00:02]} d5 {[%clk 00:10:14]} {[%emt 00:00:01]} 3. e5
{[%clk 00:10:16]} {[%emt 00:00:01]} c5 {[%clk 00:10:18]} {[%emt 00:00:01]} 4.
dxc5 {[%clk 00:10:19]} {[%emt 00:00:02]} e6 {[%clk 00:10:22]} {[%emt 00:00:02]}
5. Nf3 {[%clk 00:10:19]} {[%emt 00:00:04]} Bxc5 {[%clk 00:10:21]} {[%emt
00:00:07]} 6. Bd3 {[%clk 00:10:22]} {[%emt 00:00:02]} Ne7 {[%clk 00:10:21]}
{[%emt 00:00:05]} 7. O-O {[%clk 00:10:21]} {[%emt 00:00:05]} Nbc6 {[%clk
00:10:22]} {[%emt 00:00:04]} 8. a3 {[%clk 00:10:25]} {[%emt 00:00:02]} a5
{[%clk 00:10:26]} {[%emt 00:00:01]} 9. b3 {[%clk 00:10:18]} {[%emt 00:00:11]}
b6 {[%clk 00:10:23]} {[%emt 00:00:08]} 10. Bb2 {[%clk 00:10:03]} {[%emt
00:00:20]} Qc7 {[%clk 00:10:22]} {[%emt 00:00:07]} 11. Re1 {[%clk 00:09:58]}
{[%emt 00:00:09]} Ba6 {[%clk 00:10:22]} {[%emt 00:00:06]} 12. Nbd2 {[%clk
00:09:34]} {[%emt 00:00:28]} Ng6 {[%clk 00:10:04]} {[%emt 00:00:23]} 13. g3
{[%clk 00:09:00]} {[%emt 00:00:39]} Qa7 {[%clk 00:09:34]} {[%emt 00:00:36]} 14.
Bxa6 {[%clk 00:08:14]} {[%emt 00:00:51]} Qxa6 {[%clk 00:09:38]} {[%emt
00:00:01]} 15. c4 {[%clk 00:08:16]} {[%emt 00:00:02]} Rd8 {[%clk 00:09:36]}
{[%emt 00:00:07]} 16. b4 {[%clk 00:08:10]} {[%emt 00:00:12]} Bxf2+ {[%clk
00:08:30]} {[%emt 00:01:10]} 17. Kxf2 {[%clk 00:08:10]} {[%emt 00:00:05]} dxc4
{[%clk 00:08:34]} 18. Qe2 {[%clk 00:07:15]} {[%emt 00:01:00]} b5 {[%clk
00:08:22]} {[%emt 00:00:18]} 19. Ne4 {[%clk 00:06:58]} {[%emt 00:00:21]} O-O
{[%clk 00:08:17]} {[%emt 00:00:10]} 20. Kg2 {[%clk 00:06:18]} {[%emt 00:00:45]}
axb4 {[%clk 00:07:31]} {[%emt 00:00:50]} 21. axb4 {[%clk 00:06:13]} {[%emt
00:00:11]} Qb6 {[%clk 00:07:29]} {[%emt 00:00:08]} 22. Bc3 {[%clk 00:05:47]}
{[%emt 00:00:31]} Nge7 {[%clk 00:07:28]} {[%emt 00:00:06]} 23. Nc5 {[%clk
00:04:31]} {[%emt 00:01:21]} Nd5 {[%clk 00:07:16]} {[%emt 00:00:17]} 24. Qb2
{[%clk 00:04:30]} {[%emt 00:00:06]} Qc7 {[%clk 00:06:44]} {[%emt 00:00:37]} 25.
Re2 {[%clk 00:04:02]} {[%emt 00:00:33]} Rc8 {[%clk 00:06:10]} {[%emt 00:00:39]}
26. Nd4 {[%clk 00:02:29]} {[%emt 00:01:38]} Ncxb4 {[%clk 00:04:48]} {[%emt
00:01:27]} 27. Bxb4 {[%clk 00:02:12]} {[%emt 00:00:21]} Nxb4 {[%clk 00:04:52]}
{[%emt 00:00:02]} 28. Qxb4 {[%clk 00:01:49]} {[%emt 00:00:28]} Qxc5 {[%clk
00:04:56]} {[%emt 00:00:01]} 29. Qxc5 {[%clk 00:01:41]} {[%emt 00:00:12]} Rxc5
{[%clk 00:05:00]} 30. Ra5 {[%clk 00:01:33]} {[%emt 00:00:14]} Rb8 {[%clk
00:04:01]} {[%emt 00:01:04]} 31. Kf2 {[%clk 00:01:04]} {[%emt 00:00:33]} g5
{[%clk 00:03:49]} {[%emt 00:00:17]} 32. Rb2 {[%clk 00:00:27]} {[%emt 00:00:41]}
c3 {[%clk 00:02:52]} {[%emt 00:01:03]} 33. Rc2 {[%clk 00:00:23]} {[%emt
00:00:09]} Kg7 {[%clk 00:02:50]} {[%emt 00:00:07]} 34. Ne2 {[%clk 00:00:15]}
{[%emt 00:00:13]} Rbc8 {[%clk 00:02:47]} {[%emt 00:00:08]} 35. Nd4 {[%clk
00:00:15]} {[%emt 00:00:06]} b4 {[%clk 00:02:43]} {[%emt 00:00:09]} 36. Ra4
{[%clk 00:00:13]} {[%emt 00:00:07]} Rb8 {[%clk 00:02:43]} {[%emt 00:00:05]} 37.
Nb3 {[%clk 00:00:11]} {[%emt 00:00:07]} Rxe5 {[%clk 00:02:46]} {[%emt
00:00:01]} 38. Ra7 {[%clk 00:00:10]} {[%emt 00:00:06]} Kg6 {[%clk 00:02:37]}
{[%emt 00:00:14]} 39. Rc7 {[%clk 00:00:08]} {[%emt 00:00:06]} Ra8 {[%clk
00:02:14]} {[%emt 00:00:29]} 40. Rb7 {[%clk 00:00:08]} {[%emt 00:00:05]} Re4
{[%clk 00:02:18]} {[%emt 00:00:01]} 41. Kf3 {[%clk 00:00:08]} {[%emt 00:00:05]}
Rc4 {[%clk 00:02:21]} {[%emt 00:00:02]} 42. Ke2 {[%clk 00:00:10]} {[%emt
00:00:03]} Rd8 {[%clk 00:02:20]} {[%emt 00:00:07]} 43. Na5 {[%clk 00:00:12]}
{[%emt 00:00:03]} Re4+ {[%clk 00:02:23]} {[%emt 00:00:01]} 44. Kf3 {[%clk
00:00:17]} f5 {[%clk 00:02:25]} {[%emt 00:00:03]} 45. Nb3 {[%clk 00:00:17]}
{[%emt 00:00:04]} Rc4 {[%clk 00:02:20]} {[%emt 00:00:10]} 46. Rb6 {[%clk
00:00:15]} {[%emt 00:00:07]} Kf6 {[%clk 00:02:24]} {[%emt 00:00:02]} 47. Rb7
{[%clk 00:00:15]} {[%emt 00:00:04]} h5 {[%clk 00:02:27]} {[%emt 00:00:02]} 48.
h3 {[%clk 00:00:18]} {[%emt 00:00:03]} Rd3+ {[%clk 00:02:20]} {[%emt 00:00:12]}
49. Kf2 {[%clk 00:00:20]} {[%emt 00:00:02]} f4 {[%clk 00:02:21]} {[%emt
00:00:05]} 50. gxf4 {[%clk 00:00:20]} {[%emt 00:00:05]} Rxf4+ {[%clk 00:02:24]}
{[%emt 00:00:01]} 51. Kg2 {[%clk 00:00:23]} {[%emt 00:00:02]} h4 {[%clk
00:02:09]} {[%emt 00:00:21]} 52. Rb5 {[%clk 00:00:08]} {[%emt 00:00:19]} e5
{[%clk 00:01:50]} {[%emt 00:00:24]} 53. Rb8 {[%clk 00:00:11]} {[%emt 00:00:01]}
Rg3+ {[%clk 00:01:46]} {[%emt 00:00:10]} 54. Kh2 {[%clk 00:00:15]} {[%emt
00:00:01]} Rff3 {[%clk 00:01:39]} {[%emt 00:00:12]} 55. Rxb4 {[%clk 00:00:11]}
{[%emt 00:00:09]} Rxh3+ {[%clk 00:01:43]} {[%emt 00:00:01]} 56. Kg1 {[%clk
00:00:15]} Rhg3+ {[%clk 00:01:39]} {[%emt 00:00:09]} 57. Kh2 {[%clk 00:00:14]}
{[%emt 00:00:06]} Rh3+ {[%clk 00:01:43]} {[%emt 00:00:01]} 58. Kg1 {[%clk
00:00:19]} Rfg3+ {[%clk 00:01:48]} 59. Rg2 {[%clk 00:00:22]} {[%emt 00:00:01]}
c2 {[%clk 00:01:48]} {[%emt 00:00:05]} 60. Nc1 {[%clk 00:00:24]} {[%emt
00:00:04]} Rxg2+ {[%clk 00:01:13]} {[%emt 00:00:40]} 61. Kxg2 {[%clk 00:00:28]}
Rg3+ {[%clk 00:01:17]} {[%emt 00:00:01]} 62. Kf2 {[%clk 00:00:32]} {[%emt
00:00:02]} Rc3 {[%clk 00:01:18]} {[%emt 00:00:04]} 63. Kg2 {[%clk 00:00:26]}
{[%emt 00:00:10]} Kf5 {[%clk 00:01:21]} {[%emt 00:00:02]} 64. Rb8 {[%clk
00:00:19]} {[%emt 00:00:12]} Ke4 {[%clk 00:01:08]} {[%emt 00:00:18]} 65. Rd8
{[%clk 00:00:18]} {[%emt 00:00:06]} g4 {[%clk 00:00:59]} {[%emt 00:00:15]} 66.
Rd2 {[%clk 00:00:10]} {[%emt 00:00:12]} h3+ {[%clk 00:00:50]} {[%emt 00:00:14]}
67. Kh2 {[%clk 00:00:11]} {[%emt 00:00:03]} Kf3 {[%clk 00:00:54]} {[%emt
00:00:02]} 68. Ne2 {[%clk 00:00:08]} {[%emt 00:00:09]} Ke3 {[%clk 00:00:44]}
{[%emt 00:00:14]} 0-1

[Event "World Youth & Cadets Rapid Championships"]
[Site "Rhodes, Greece"]
[Date "2022.05.01"]
[Round "8.7"]
[White "Kovalskyi, Roman"]
[Black "Ince, Taylan Ruzgar"]
[Result "0-1"]
[TimeControl "10'/game & 5\"/move"]
[WhiteElo "1897"]
[BlackElo "2018"]

1. e4 {[%clk 00:10:09]} {[%emt 00:37:05]} e6 {[%clk 00:10:08]} {[%emt
00:00:03]} 2. d4 {[%clk 00:10:13]} {[%emt 00:00:02]} d5 {[%clk 00:10:11]} 3. e5
{[%clk 00:10:16]} {[%emt 00:00:02]} c5 {[%clk 00:10:15]} {[%emt 00:00:01]} 4.
c3 {[%clk 00:10:21]} Nc6 {[%clk 00:10:19]} {[%emt 00:00:01]} 5. Nf3 {[%clk
00:10:25]} {[%emt 00:00:01]} Qb6 {[%clk 00:10:23]} {[%emt 00:00:01]} 6. Bd3
{[%clk 00:10:29]} cxd4 {[%clk 00:10:26]} {[%emt 00:00:02]} 7. O-O {[%clk
00:10:28]} {[%emt 00:00:05]} Bd7 {[%clk 00:10:29]} {[%emt 00:00:01]} 8. Re1
{[%clk 00:10:32]} Nge7 {[%clk 00:10:33]} {[%emt 00:00:02]} 9. h4 {[%clk
00:10:34]} {[%emt 00:00:03]} a6 {[%clk 00:10:05]} {[%emt 00:00:33]} 10. h5
{[%clk 00:10:15]} {[%emt 00:00:24]} h6 {[%clk 00:10:06]} {[%emt 00:00:04]} 11.
Nbd2 {[%clk 00:10:09]} {[%emt 00:00:11]} Rc8 {[%clk 00:09:36]} {[%emt
00:00:35]} 12. c4 {[%clk 00:09:29]} {[%emt 00:00:46]} Nb4 {[%clk 00:09:12]}
{[%emt 00:00:29]} 13. Bf1 {[%clk 00:09:13]} {[%emt 00:00:20]} d3 {[%clk
00:08:54]} {[%emt 00:00:24]} 14. Qb3 {[%clk 00:08:22]} {[%emt 00:00:56]} Nf5
{[%clk 00:07:03]} {[%emt 00:01:55]} 15. Bxd3 {[%clk 00:05:36]} {[%emt
00:02:51]} Bc5 {[%clk 00:06:49]} {[%emt 00:00:20]} 16. Bxf5 {[%clk 00:05:26]}
{[%emt 00:00:15]} Bxf2+ {[%emt 00:00:08]} 17. Kf1 {[%clk 00:05:22]} {[%emt
00:00:07]} Bxe1 {[%clk 00:06:46]} {[%emt 00:00:06]} 18. Nxe1 {[%clk 00:05:24]}
{[%emt 00:00:02]} dxc4 {[%clk 00:06:43]} {[%emt 00:00:09]} 19. Nxc4 {[%clk
00:02:33]} {[%emt 00:02:57]} Rxc4 {[%clk 00:06:46]} {[%emt 00:00:01]} 20. Be3
{[%clk 00:01:25]} {[%emt 00:01:13]} Qb5 {[%clk 00:06:38]} {[%emt 00:00:12]} 21.
Bd3 {[%clk 00:00:16]} {[%emt 00:01:15]} Nxd3 {[%clk 00:06:34]} {[%emt
00:00:09]} 22. Nxd3 {[%emt 00:00:19]} O-O {[%clk 00:06:28]} 23. Qd1 {[%clk
00:00:09]} {[%emt 00:00:10]} Re4 {[%clk 00:06:22]} {[%emt 00:00:10]} 24. a4
{[%clk 00:00:08]} {[%emt 00:00:06]} Qd5 {[%clk 00:06:08]} {[%emt 00:00:19]} 25.
Bf2 {[%clk 00:00:11]} {[%emt 00:00:03]} Rxa4 {[%clk 00:05:41]} {[%emt
00:00:31]} 26. Rxa4 {[%clk 00:00:11]} {[%emt 00:00:05]} Bxa4 {[%clk 00:05:45]}
27. Qe2 {[%clk 00:00:10]} {[%emt 00:00:07]} Bb5 {[%clk 00:05:49]} {[%emt
00:00:01]} 28. Kg1 {[%clk 00:00:07]} {[%emt 00:00:08]} Qxd3 {[%clk 00:05:51]}
{[%emt 00:00:02]} 29. Qg4 {[%clk 00:00:11]} Qf1+ {[%clk 00:05:55]} {[%emt
00:00:02]} 30. Kh2 {[%clk 00:00:15]} Qxf2 {[%clk 00:05:57]} {[%emt 00:00:03]}
0-1

[Event "World Youth & Cadets Rapid Championships"]
[Site "Rhodes, Greece"]
[Date "2022.05.01"]
[Round "8.8"]
[White "Klugstedt, Vincent"]
[Black "Olenik Campa, Rudi"]
[Result "0-1"]
[TimeControl "10'/game & 5\"/move"]
[WhiteElo "1811"]
[BlackElo "1917"]

1. d4 {[%clk 00:10:07]} {[%emt 00:00:02]} Nf6 {[%clk 00:10:08]} {[%emt
00:00:02]} 2. Nf3 {[%clk 00:10:10]} {[%emt 00:00:03]} d5 {[%clk 00:10:12]}
{[%emt 00:00:01]} 3. c4 {[%clk 00:10:12]} {[%emt 00:00:03]} e6 {[%clk
00:10:15]} {[%emt 00:00:02]} 4. Nc3 {[%clk 00:10:14]} {[%emt 00:00:03]} Bb4
{[%clk 00:10:17]} {[%emt 00:00:03]} 5. Bg5 {[%clk 00:09:29]} {[%emt 00:00:49]}
h6 {[%clk 00:10:21]} 6. Bh4 {[%clk 00:09:25]} {[%emt 00:00:09]} O-O {[%clk
00:10:22]} {[%emt 00:00:05]} 7. e3 {[%clk 00:09:26]} {[%emt 00:00:04]} c5
{[%clk 00:10:17]} {[%emt 00:00:10]} 8. a3 {[%clk 00:08:55]} {[%emt 00:00:36]}
Bxc3+ {[%clk 00:10:16]} {[%emt 00:00:05]} 9. bxc3 {[%clk 00:08:59]} {[%emt
00:00:02]} g5 {[%clk 00:10:15]} {[%emt 00:00:06]} 10. Bg3 {[%clk 00:08:33]}
{[%emt 00:00:30]} Ne4 {[%clk 00:10:19]} {[%emt 00:00:02]} 11. Qb3 {[%clk
00:08:05]} {[%emt 00:00:33]} cxd4 {[%clk 00:09:27]} {[%emt 00:00:57]} 12. exd4
{[%clk 00:06:47]} {[%emt 00:01:23]} f5 {[%clk 00:09:18]} {[%emt 00:00:14]} 13.
Bxb8 {[%clk 00:06:25]} {[%emt 00:00:26]} Rxb8 {[%clk 00:09:20]} {[%emt
00:00:03]} 14. cxd5 {[%clk 00:06:09]} {[%emt 00:00:22]} exd5 {[%clk 00:09:23]}
{[%emt 00:00:02]} 15. Bd3 {[%clk 00:06:00]} {[%emt 00:00:14]} Be6 {[%clk
00:08:27]} {[%emt 00:01:01]} 16. O-O {[%clk 00:05:30]} {[%emt 00:00:34]} Qa5
{[%clk 00:06:40]} {[%emt 00:01:53]} 17. Rfe1 {[%clk 00:05:03]} {[%emt
00:00:31]} Rfc8 {[%clk 00:03:46]} {[%emt 00:03:00]} 18. Rac1 {[%clk 00:04:02]}
{[%emt 00:01:06]} Bf7 {[%clk 00:03:49]} {[%emt 00:00:01]} 19. Bxe4 {[%clk
00:03:54]} {[%emt 00:00:13]} dxe4 {[%clk 00:03:44]} {[%emt 00:00:10]} 20. Qd1
{[%clk 00:03:38]} {[%emt 00:00:21]} exf3 {[%clk 00:03:47]} {[%emt 00:00:02]} 21.
Qxf3 {[%clk 00:03:42]} {[%emt 00:00:02]} Re8 {[%clk 00:03:35]} {[%emt
00:00:16]} 22. Rxe8+ {[%clk 00:03:19]} {[%emt 00:00:29]} Rxe8 {[%clk 00:03:38]}
{[%emt 00:00:01]} 23. a4 {[%clk 00:03:04]} {[%emt 00:00:21]} Qd5 {[%clk
00:03:34]} {[%emt 00:00:08]} 24. Qd3 {[%clk 00:02:59]} {[%emt 00:00:10]} Qe4
{[%clk 00:03:33]} {[%emt 00:00:06]} 25. Qd2 {[%clk 00:02:15]} {[%emt 00:00:49]}
Bd5 {[%clk 00:03:33]} {[%emt 00:00:05]} 26. f3 {[%clk 00:02:13]} {[%emt
00:00:08]} Qe3+ {[%clk 00:03:33]} {[%emt 00:00:05]} 27. Qxe3 {[%clk 00:02:16]}
{[%emt 00:00:01]} Rxe3 {[%clk 00:03:36]} {[%emt 00:00:02]} 28. Kf2 {[%clk
00:02:20]} {[%emt 00:00:02]} Re7 {[%clk 00:03:36]} {[%emt 00:00:05]} 29. c4
{[%clk 00:02:23]} {[%emt 00:00:01]} Rc7 {[%clk 00:03:39]} {[%emt 00:00:02]} 30.
c5 {[%emt 00:00:04]} Bc6 {[%clk 00:03:38]} {[%emt 00:00:05]} 31. a5 {[%clk
00:02:27]} {[%emt 00:00:04]} Kf7 {[%clk 00:03:38]} {[%emt 00:00:05]} 32. h4
{[%clk 00:02:21]} {[%emt 00:00:10]} Rd7 {[%clk 00:03:38]} {[%emt 00:00:06]} 33.
Ke3 {[%clk 00:02:20]} {[%emt 00:00:06]} Bb5 {[%clk 00:03:30]} {[%emt 00:00:13]}
34. hxg5 {[%clk 00:02:21]} {[%emt 00:00:04]} hxg5 {[%clk 00:03:33]} {[%emt
00:00:02]} 35. Rc2 {[%clk 00:02:08]} {[%emt 00:00:18]} Ke6 {[%clk 00:03:22]}
{[%emt 00:00:15]} 36. g4 {[%clk 00:02:10]} {[%emt 00:00:03]} fxg4 {[%clk
00:03:09]} {[%emt 00:00:18]} 37. fxg4 {[%clk 00:02:14]} {[%emt 00:00:02]} 0-1

[Event "World Youth & Cadets Rapid Championships"]
[Site "Rhodes, Greece"]
[Date "2022.05.01"]
[Round "8.9"]
[White "Seemann, Jakub"]
[Black "Sapenov, Daniyal"]
[Result "0-1"]
[TimeControl "10'/game & 5\"/move"]
[WhiteElo "1984"]
[BlackElo "1848"]

1. d4 {[%clk 00:10:09]} {[%emt 00:29:07]} Nf6 {[%clk 00:10:09]} 2. c4 {[%clk
00:10:13]} {[%emt 00:00:03]} e6 {[%clk 00:10:13]} 3. Nf3 {[%clk 00:10:13]} b6
{[%clk 00:10:13]} 4. g3 {[%clk 00:10:13]} Bb7 {[%clk 00:10:13]} 5. Bg2 {[%clk
00:10:13]} Bb4+ {[%clk 00:10:13]} 6. Bd2 {[%clk 00:10:13]} Be7 {[%clk
00:10:13]} 7. O-O {[%clk 00:10:13]} c6 {[%emt 00:00:44]} 8. Bc3 {[%emt
00:00:08]} O-O {[%clk 00:10:27]} {[%emt 00:00:07]} 9. Nbd2 {[%clk 00:10:09]}
{[%emt 00:00:29]} d5 {[%clk 00:09:32]} {[%emt 00:00:11]} 10. Qc2 Nbd7 {[%emt
00:00:30]} 11. e4 {[%emt 00:01:10]} dxc4 {[%emt 00:00:34]} 12. Nxc4 {[%emt
00:00:12]} c5 {[%emt 00:00:22]} 13. Rfe1 {[%emt 00:00:24]} cxd4 {[%clk
00:08:09]} {[%emt 00:00:01]} 14. Nxd4 {[%emt 00:00:07]} Rc8 {[%emt 00:00:23]}
15. Ne3 {[%emt 00:01:27]} Qc7 {[%emt 00:00:10]} 16. Rad1 {[%emt 00:01:44]} Nc5
{[%emt 00:02:56]} 17. f3 {[%emt 00:00:11]} Rfd8 {[%emt 00:01:03]} 18. Nb5
{[%emt 00:00:10]} Qb8 {[%emt 00:00:10]} 19. b4 {[%emt 00:00:57]} Rxd1 {[%clk
00:03:11]} {[%emt 00:00:06]} 20. Rxd1 a6 {[%emt 00:02:32]} 21. Bxf6 {[%clk
00:02:32]} {[%emt 00:01:02]} gxf6 {[%clk 00:03:01]} {[%emt 00:00:15]} 22. Nc3
{[%clk 00:02:07]} {[%emt 00:00:30]} Na4 {[%clk 00:02:29]} {[%emt 00:00:37]} 23.
Qxa4 {[%clk 00:02:05]} {[%emt 00:00:06]} Rxc3 {[%clk 00:02:33]} {[%emt
00:00:02]} 24. Qd7 {[%clk 00:02:02]} {[%emt 00:00:07]} Rc7 {[%clk 00:01:41]}
{[%emt 00:00:57]} 25. Qd4 {[%clk 00:02:05]} {[%emt 00:00:02]} Bc6 {[%clk
00:01:41]} {[%emt 00:00:06]} 26. Qa1 {[%clk 00:01:39]} {[%emt 00:00:30]} Rd7
{[%clk 00:01:07]} {[%emt 00:00:39]} 27. Rc1 {[%clk 00:01:08]} {[%emt 00:00:36]}
Bb7 {[%clk 00:01:11]} {[%emt 00:00:02]} 28. Ng4 {[%clk 00:01:09]} {[%emt
00:00:04]} Qd8 {[%clk 00:01:15]} {[%emt 00:00:01]} 29. a3 {[%clk 00:00:12]}
{[%emt 00:01:02]} h5 {[%clk 00:00:58]} {[%emt 00:00:22]} 30. Nf2 {[%clk
00:00:16]} Rc7 {[%clk 00:01:02]} {[%emt 00:00:01]} 31. Rd1 {[%clk 00:00:12]}
{[%emt 00:00:09]} Rd7 {[%clk 00:01:06]} {[%emt 00:00:02]} 32. Rf1 {[%clk
00:00:14]} {[%emt 00:00:02]} Rd2 {[%clk 00:01:01]} {[%emt 00:00:10]} 33. Qc3
{[%clk 00:00:16]} {[%emt 00:00:02]} a5 {[%clk 00:00:36]} {[%emt 00:00:31]} 34.
Qe3 {[%clk 00:00:15]} {[%emt 00:00:06]} Qd4 {[%clk 00:00:36]} {[%emt 00:00:05]}
35. Qh6 {[%clk 00:00:08]} {[%emt 00:00:13]} Ba6 {[%clk 00:00:32]} {[%emt
00:00:09]} 36. b5 {[%clk 00:00:08]} {[%emt 00:00:04]} Bxb5 {[%clk 00:00:32]}
{[%emt 00:00:05]} 0-1